| 000 | 00707nam a2200253 4500 | ||
|---|---|---|---|
| 999 |
_c14982 _d14982 |
||
| 005 | 20190218111200.0 | ||
| 008 | 030311s1993 us 0 eng | ||
| 020 | _a0851109713 | ||
| 020 | _a0830812334 | ||
| 100 | 1 | _aMilne, Bruce | |
| 245 | 1 | 0 |
_aThe message of John : _bhere is your King! / _cBruce Milne; study guide by David Stone. |
| 260 |
_aLeicester : _bInterVarsity Press, _cc1993. |
||
| 300 | _a352 p. | ||
| 336 | _atext | ||
| 337 | _aunmediated | ||
| 338 | _avolume | ||
| 490 | 1 | _aThe Bible speaks today | |
| 500 | _aWith study guide | ||
| 504 | _aBiblio. : pp. 11-12 | ||
| 650 | 4 |
_aBible. N.T. John _xCommentaries. |
|
| 951 | _x00002124 | ||
| 700 | 1 | _aStone, David | |
| 942 |
_2lcc _cBK |
||